| 000 | 00438nam a2200133Ia 4500 | ||
|---|---|---|---|
| 008 | 211119s9999||||xx |||||||||||||| ||und|| | ||
| 082 |
_a920 _bGEO-P |
||
| 100 | _aGeorge, T J S | ||
| 245 | 0 | _aPathrapravarthanathile Padhangal Pothan Josephinte Katha | |
| 260 |
_bRainbow Book Publishers _a2003 _cChengannur |
||
| 300 | _a203p. | ||
| 650 |
_aHistory&geography _vBiography, genealogy & insigmaEconomics _xPGR-GANDHIAN STUDIES |
||
| 942 | _cBOOK | ||
| 999 |
_c112127 _d112127 |
||